02070nam a22002897a 450000500170000000800410001702000180005804000070007604100120008308200200009510000260011524500490014125000070019026000610019730000280025836500570028652010290034365000380137265000370141065000450144765000350149265000340152765000430156194200120160499900190161695201450163520260325115001.0260324b |||||||| |||| 00| 0 eng d a9789390709922 cAL aEnglish a621.31042bKANS aA Nagoor Kani9259276 aSimplified text in electrical machine design a3. aNew DelhibCBS Publishers and Distributors Pvt Ltdc2022 axix,664p.bPBc24x17cm. aVBI-2645b₹412.50c₹d₹550.00e25%f20-02-2026 aThis book is designed for universities that deal with design of electrical machines as a main or elective course in EEE branch of BE/BTech program. An easy-to-understand text with crisp but complete explanation of topics will enable the students to understand the basic concepts easily. The fundamental concepts of design of various parts of electrical machine are presented in an easy and elaborative manner. Step-by-step explanations of design equations are presented with clear explanations. Throughout the book, carefully chosen examples are presented so that the reader will have a clear understanding of the concepts discussed. Solutions of university questions will enable students to score better in examinations. Clear explanation of concepts with appropriate diagrams. Step-by-step presentation of design equations and solved problems. Every design concept is supported by clear numerical example. Computer programs to correlate the concept discussed Practice problems, review question, MCQs for self-evaluation.  aElectrical Machine Design9259174 afor BE/BTech EEE Course 9259277 aElectrical Engineering Materials9259175 aDesign of Transformers9259176 aDesign of DC Machines9259177 aDesign of Synchronous Machines9259178 2ddccBK c241048d241048 00102ddc40708ECE aSEbSEd2026-03-24eVidyarthi Booksg412.50l0o621.31042 KANSpSE000289r2026-03-24 11:32:53v550.00w2026-02-20yBK